00407nam a2200133Ia 4500008004100000082001400041100001500055245004200070260002000112600002000132942000700152952009700159999001700256241002s9999 xx 000 0 und d a335.4 KAR aKarl, Marx 0aCapital A Crique of Political Economy aNew York:c1906 aSocial Sciences cUC 00104070aUITUbUITUd1994-01-01l0o335.4 KARpUC654r2024-10-02 09:31:26w2024-10-02yUC c18981d18981